Statistics for Word Puzzles - Movie Titles

Click here to take the quiz!

General Stats

  • This quiz has been taken 14,762 times
  • The average score is 33 of 46

Answer Stats

ClueAnswer% Correct
What Santa saysHo
96%
A-Team vehicle | Vincent ___ GoghVan
95%
Puffy African-American hairstyleFro
94%
Gore's first nameAl
93%
Not offOn
90%
Place for sinnersHell
90%
Like a mouse, but biggerRat
89%
Be a vocalistSing
89%
Edgar AllanPoe
89%
Nein, nyetNo
88%
Where clouds are foundSky
88%
Cry me a thisRiver
86%
Make tea or beerBrew
85%
Create a sumAdd
84%
Jump head firstDive
83%
Place where crops are grownField
82%
Swing and not hitMiss
81%
(movie title)Van Helsing
79%
(movie title)Bruno
79%
Ye olde place for lodgingInn
77%
(movie title)Aladdin
77%
Unit of garlicClove
74%
Hesitator's noiseEr
73%
100% ofAll
73%
Lyme Disease spreaderTick
68%
(movie title)Cloverfield
67%
French for "street"Rue
65%
Not front or backSide
65%
Common fuel for power plantsCoal
64%
(movie title)Mystic River
63%
(movie title)Poseidon
60%
(movie title)Vanilla Sky
60%
Branch of BuddhismZen
58%
(movie title)Frozen
58%
Opposite of formerLatter
57%
Poker player's revealing actionTell
56%
Tree creature of Middle EarthEnt
54%
Comedian SykesWanda
52%
(movie title)Collateral
47%
He "knows" football and baseballBo
47%
Desire or impulseUrge
46%
(movie title)Borat
46%
(movie title)Divergent
45%
(movie title)Hotel Rwanda
45%
Brand of circular wafersNilla
45%

Score Distribution

Percentile by Number Answered

Percent of People with Each Score

Your Score History

You have not taken this quiz